000 00853nam a2200325Ia 4500
003 OSt
005 20220912144429.0
006 a|||||r|||| 00| 0
007 ta
008 220909b |||||||| |||| 00| 0 eng d
020 _a984510004X (hbk)
020 _aSL00859625
024 _a188641
037 _cTextual
040 _aCSL
_beng
_cCSL
041 _aeng
082 _aY35.44Q72, N6
100 _aIslam Nazrul Ed.
245 0 _aDhaka : from city to megacity
260 _aDhaka
_bUOD
_c1996
300 _axv,256p. ill.
490 _aBangladesh Urban Studies series
500 _aAppendices 251-256p.
650 _a Urban studies- Bangladesh
650 _aSociology
700 _aIslam Nazrul Ed.
942 _hY35.44Q72, N6
_cTEXL
_2CC
999 _c8095
_d8095